Anar al contingut

Расстройства сна в пожилом возрасте учебно-методическое пособие

В учебно-методическом пособии представлен подробный анализ нарушений сна у пациентов пожилого возраста. Приведены сведения об эпидемиологии, этиологии, патогенезе и патоморфологии расстройств сна, рассмотрены вопросы систематизации диссомнических нарушений и классификация расстройств сна по МКБ-10....

Descripció completa

Guardat en:
Dades bibliogràfiques
Autor principal: Софронов А. Г.
Altres autors: Добровольская А. Е., Абриталин Е. Ю.
Format: Книга
Idioma:Russian
Publicat: Санкт-Петербург СЗГМУ им. И.И. Мечникова 2020
Accés en línia:https://e.lanbook.com/book/242516
https://e.lanbook.com/img/cover/book/242516.jpg
Etiquetes: Afegir etiqueta
Sense etiquetes, Sigues el primer a etiquetar aquest registre!
LEADER 02220nam0a2200277 i 4500
001 242516
003 RuSpLAN
005 20221220174158.0
008 221220s2020 ru gs 000 0 rus
040 |a RuSpLAN 
041 0 |a rus 
044 |a ru 
080 |a 616.8-009.836 
084 |a 56.12  |2 rubbk 
245 0 0 |a Расстройства сна в пожилом возрасте  |b учебно-методическое пособие  |c Софронов А. Г.,Добровольская А. Е.,Абриталин Е. Ю. 
260 |a Санкт-Петербург  |b СЗГМУ им. И.И. Мечникова  |c 2020 
300 |a 24 с. 
504 |a Библиогр.: доступна в карточке книги, на сайте ЭБС Лань 
520 8 |a В учебно-методическом пособии представлен подробный анализ нарушений сна у пациентов пожилого возраста. Приведены сведения об эпидемиологии, этиологии, патогенезе и патоморфологии расстройств сна, рассмотрены вопросы систематизации диссомнических нарушений и классификация расстройств сна по МКБ-10. Разобраны вопросы клинической картины, проблемы диагностики и лечения нарушений сна с учетом особенностей пожилого возраста. Учебно-методическое пособие предназначено для аспирантов, обучающихся по направлению 31.06.01 «Клиническая медицина», дисциплина «Психиатрия». 
521 8 |a Книга из коллекции СЗГМУ им. И.И. Мечникова - Медицина 
100 1 |a Софронов А. Г. 
700 1 |a Добровольская А. Е. 
700 1 |a Абриталин Е. Ю. 
856 4 |u https://e.lanbook.com/book/242516 
856 4 8 |u https://e.lanbook.com/img/cover/book/242516.jpg 
953 |a https://e.lanbook.com/img/cover/book/242516.jpg 
Cannot write session to /tmp/vufind_sessions/sess_fpv0vfmnaes04nuugola4vac6f